Testovanie vedomostných úrovní cudzieho všeobecného a odborného ekonomického jazyka pre bakalárske štúdium na EU v Bratislave v rámci kreditového systému
Zavedenie ECTS na EU v rámci kreditového systému vedomostné úrovne podľa ECTS a ich ekvivalenty kurzov na EU výber vhodného modelu testov, vypracovanie vstupných testov, použitie programu moodle , skúsenosti z použitia programu moodle.
Uložené v:
| Hlavný autor: | |
|---|---|
| Médium: | Kapitola |
| Jazyk: | Slovak |
| Predmet: | |
| Tagy: |
Žiadne tagy, Buďte prvý, kto otaguje tento záznam!
|
MARC
| LEADER | 00000naa$a2200000$$$4500 | ||
|---|---|---|---|
| 001 | 0067985 | ||
| 005 | 20240502071821.9 | ||
| 041 | 0 | |a slo | |
| 044 | |a SK | ||
| 245 | 1 | 0 | |a Testovanie vedomostných úrovní cudzieho všeobecného a odborného ekonomického jazyka pre bakalárske štúdium na EU v Bratislave v rámci kreditového systému |c Katarína Seresová |
| 520 | |a Zavedenie ECTS na EU v rámci kreditového systému vedomostné úrovne podľa ECTS a ich ekvivalenty kurzov na EU výber vhodného modelu testov, vypracovanie vstupných testov, použitie programu moodle , skúsenosti z použitia programu moodle. | ||
| 610 | 2 | 0 | |a vyučovanie |
| 610 | 2 | 0 | |a jazyky cudzie |
| 610 | 2 | 0 | |a testy didaktické |
| 610 | 2 | 0 | |a vedomosti |
| 100 | 1 | |a Seresová, Katarína, 1967- | |